guess the Taylor Swift song by the acronym! - Statistics

General Stats
  • This quiz has been taken 413 times
  • The average score is 13 of 20
Answer Stats
Hint Answer % Correct
YBWM You Belong With Me
92%
YOYOK You're On Your Own, Kid
91%
IBYTAM I Bet You Think About Me
90%
NYD New Years Day
81%
TLGAD The Last Great American Dynasty
81%
NBNC No Body, No Crime
80%
YNTCD You Need To Calm Down
78%
IKP I Know Places
76%
DWOHT Dancing With Our Hands Tied
74%
JTF Jump Then Fall
63%
MPF Mr Perfectly Fine
63%
INTHAF It's Nice To Have A Friend
59%
TLT The Last Time
59%
TSOU The Story Of Us
58%
WEFIL When Emma Falls In Love
55%
BTTWS Bigger Than The Whole Sky
51%
TIMT This Is Me Trying
51%
SBT Sad, Beautiful, Tragic
47%
TOMG Teardrops On My Guitar
47%
IION Is It Over Now?
44%
No matching quizzes found
Score Distribution
Percent of People with Each Score
Percentile by Number Answered
Your Score History
You have not taken this quiz